| 000 | 00651nam a2200229Ia 4500 | ||
|---|---|---|---|
| 999 |
_c36270 _d36270 |
||
| 001 | 2177 | ||
| 003 | GE_BSU | ||
| 005 | 20221025100804.0 | ||
| 008 | 181216s2009||||enk|||||||||||||| ||eng|| | ||
| 040 | _cGE_BSU | ||
| 041 | _aeng | ||
| 080 | _a811.111(075.8) N-52 | ||
| 100 |
_aNewbrook, Jacky _91669 |
||
| 245 |
_aFce Gold Plus / _bCoursebook. |
||
| 264 |
_aCambridge : _bLongman, _c2009. |
||
| 300 |
_a224 p.; _b28 cm. |
||
| 653 | _aინგლისური ენა | ||
| 653 | _aგრამატიკა | ||
| 700 |
_aWilson, Jacry _eავტორი _91670 |
||
| 700 |
_aAcklam, Richard _eავტორი _91671 |
||
| 942 |
_cBK _2udc |
||